| 000 | 00827nam a22002057a 4500 | ||
|---|---|---|---|
| 999 |
_c2313 _d2313 |
||
| 003 | AR-CdUCM | ||
| 008 | 190304b ||||| |||| 00| 0 spa d | ||
| 040 |
_aMUNICIPALIDAD PROVINCIAL DEL CUSCO _cBIBLIOTECA MUNICIPAL DEL CUSCO |
||
| 082 |
_a375.4 / _bL44 |
||
| 100 |
_aLemus, Luis Arturo _98345 |
||
| 245 | _aOrganización y supervisión de la escuela primaria / | ||
| 260 |
_aLa Habana : _bCultural, _c1954. |
||
| 300 |
_a403 páginas ; _c20 cm. |
||
| 505 | _aDefinición de la situación del director en la escuela -- Elaboración de una filosofía educacional -- Investigación y análisis de las condiciones de la comunidad... | ||
| 650 |
_aDirector en la escuela. _98346 |
||
| 650 |
_aOrganización en la escuela. _98347 |
||
| 650 |
_aSupervisión en la escuela _98348 |
||
| 942 |
_2ddc _cLIBROS |
||
| 945 |
_awfj _d2019-03-04 |
||